000 00341nam a22001577a 4500
003 OSt
008 250417b |||||||| |||| 00| 0 eng d
020 _a9781405958110
082 _a362.29 PHH
100 _aPHILLIPS,David JP
245 _aHigh on Life
260 _aUK
_bPenguin
300 _a254
650 _aGeneral
942 _2ddc
_cREF
999 _c13310
_d13310